| 000 | 00699nam a2200277 a 4500 | ||
|---|---|---|---|
| 001 | 30780 | ||
| 003 | AR-BaAGN | ||
| 005 | 20231116150738.0 | ||
| 007 | ta | ||
| 008 | 220625s1998 ag |||||r|||| ||||||spa d | ||
| 020 | _a987-503-102-X | ||
| 040 |
_dAR-BaAGN _aAR-BaAGN _bspa _eaacr |
||
| 100 | 1 | _aRosenberg, Tina | |
| 245 | 1 | 0 |
_aAstiz : _bla estirpe de Caín |
| 250 | _a1ª ed. | ||
| 260 |
_aBuenos Aires : _bPágina/12, _c1998. |
||
| 300 | _a78 páginas | ||
| 336 |
_2rdacontent _btxt |
||
| 337 |
_2rdamedia _bn |
||
| 338 |
_2rdacarrier _bnc |
||
| 600 | 1 | 4 | _aAstiz, Alfredo |
| 651 | 4 |
_aArgentina _93645 |
|
| 942 | _cLIBRO | ||
| 999 |
_c30780 _d30780 |
||